[Event "Wch U20 Rapid"]
[Site "Pula"]
[Date "2023.10.10"]
[Round "3"]
[White "Bettalli, Francesco"]
[Black "Cugia, Filippo"]
[Result "1-0"]
[WhiteElo "2274"]
[BlackElo "1264"]
[PlyCount "59"]
[EventDate "2023.10.10"]
[EventType "swiss (rapid)"]
[EventRounds "11"]
[EventCountry "ITA"]
[SourceTitle "Mega2024 Update 01"]
[Source "Chessbase"]
[SourceDate "2023.11.12"]
[SourceVersion "1"]
[SourceVersionDate "2023.11.12"]
[SourceQuality "1"]

1. d4 Nf6 2. Nc3 c5 3. d5 d6 4. e4 g6 5. Bb5+ Bd7 6. a4 Bg7 7. Nf3 a6 8. Bxd7+ Nbxd7 9. 0-0 0-0 10. Nd2 b5 11. axb5 axb5 12. Rxa8 Qxa8 13. Nxb5 Rb8 14. c4 Ne5 15. Qe2 Qa6 16. f4 Ned7 17. e5 Nxd5 18. e6 Nf8 19. exf7+ Kxf7 20. f5 g5 21. Ne4 h6 22. h4 gxh4 23. Qh5+ Kg8 24. Bxh6 Bxh6 25. Qxh6 Rb7 26. Qg5+ Kf7 27. Qh5+ Kg8 28. Ng5 e6 29. fxe6 Ne7 30. Rxf8+ 1-0